ដំណើរផ្សងព្រេងរបស់ចង្រិតដូង / (Record no. 1608)

MARC details
000 -LEADER
fixed length control field 02791nam a22003017a 4500
001 - CONTROL NUMBER
control field 1608
003 - CONTROL NUMBER IDENTIFIER
control field FISKH
005 - DATE AND TIME OF LATEST TRANSACTION
control field 20231010083417.0
008 - FIXED-LENGTH DATA ELEMENTS--GENERAL INFORMATION
fixed length control field 230911b cb ||||| |||| 00| 0 khr d
020 ## - INTERNATIONAL STANDARD BOOK NUMBER
International Standard Book Number 9789995054595
040 ## - CATALOGING SOURCE
Original cataloging agency FISKH
Language of cataloging eng
Transcribing agency FISKH
Modifying agency FISKH
082 ## - DEWEY DECIMAL CLASSIFICATION NUMBER
Classification number 595.7
100 ## - MAIN ENTRY--PERSONAL NAME
Personal name Hoai, To
245 ## - TITLE STATEMENT
Title ដំណើរផ្សងព្រេងរបស់ចង្រិតដូង /
Statement of responsibility, etc. រូបគំនូរដោយ ញឹក សុផាលាភ
250 ## - EDITION STATEMENT
Edition statement បោះពុម្ពលើកទី ៥ ខែវិច្ឆិកា ឆ្នាំ ២០២២
260 ## - PUBLICATION, DISTRIBUTION, ETC.
Place of publication, distribution, etc. Phnom Penh :
Name of publisher, distributor, etc. Sipar,
Date of publication, distribution, etc. 2022.
300 ## - PHYSICAL DESCRIPTION
Extent 142 pages :
Other physical details illustrations ;
Dimensions 19 cm
490 ## - SERIES STATEMENT
Series statement អក្សសិល្ប៍យុវវ័យ
505 ## - FORMATTED CONTENTS NOTE
Formatted contents note Z'<br/>
520 ## - SUMMARY, ETC.
Summary, etc. ចង្រឹតដូងមានដងខ្លួនភ្លឺរលោង មាឌមាំ ចិត្តហានក្លា ហើយចូលចិត្តបង្កជម្លោះជាមួយអ្នកដទៃ ។ ថ្ងៃមួយគេត្រូវក្មេងៗ ចាប់បាន ប៉ុន្តែគេគេចខ្លួនរួច ហើយបានស្គាល់ខ្មុរ ដែលក្រោយមកក្លាយជាមិត្តល្អនឹងគ្នា។ មិត្តទាំងពីរនាំគ្នាធ្វើដំណើរផ្សងព្រេង ដើម្បីស្វែងយល់ពិភពលោក។ តាមផ្លូវពួកគេជួបសត្វផ្សេងៗ ហើយទទួលបានបទពិសោធន៍ជាច្រើនមានទាំងសប្បាយ មានទាំងកម្សត់។ ក្រោយមក ពួកគេសម្រេចចិត្តចូលរួមជាមួយសត្វដ៏ទៃទៀត ដើម្បីស្វែងរកសន្តិភាព សម្រាប់ពិភពលោកទាំងមួល ។
520 ## - SUMMARY, ETC.
Summary, etc. Crickets have a shiny body, strong and courageous and like to quarrel with others. One day he was caught by the children, but he escaped and got to know the Khmer, who later became good friends. The two friends go on an adventure to explore the world.​​ Along the way, they meet various animals and gain many experiences, both happy and sad. Later, they decide to join other animals to find peace for the whole world.
521 8# - TARGET AUDIENCE NOTE
Target audience note 920<br/>
Source Lexile estimate<br/>
521 8# - TARGET AUDIENCE NOTE
Target audience note Z'<br/>
Source Raz-Plus<br/>
650 ## - SUBJECT ADDED ENTRY--TOPICAL TERM
Topical term or geographic name entry element ដំណើរផ្សងព្រេង
Form subdivision ខ្លាំង
General subdivision មិត្តភាព
Chronological subdivision ស្វែងរក
650 ## - SUBJECT ADDED ENTRY--TOPICAL TERM
Topical term or geographic name entry element Adventure
Form subdivision Strong
General subdivision Friendship
Chronological subdivision Explore
700 ## - ADDED ENTRY--PERSONAL NAME
Personal name Sophaleap, Nhoek
Relator term illustrator
942 ## - ADDED ENTRY ELEMENTS (KOHA)
Source of classification or shelving scheme Dewey Decimal Classification
Koha item type Books
Suppress in OPAC No
Holdings
Withdrawn status Lost status Source of classification or shelving scheme Damaged status Not for loan Collection Home library Current library Shelving location Date acquired Total Checkouts Full call number Barcode Date last seen Copy number Price effective from Koha item type Date due Date last checked out
    Dewey Decimal Classification     Khmer Language Books / សៀវភៅភាសាខ្មែរ Footprints International School Library Network Toul Kork Campus Footprints International School Library Network Toul Kork Campus TK Campus, Room B402, Khmer Book Case 16, Shelves 112-123 / ទូរសៀវភៅខ្មែរលេខ ១៦​ ធ្នើរ ១១២ ដល់ ១២៣ បន្ទប់ B402 សាខាទួលគោក 09/11/2023   HOA 595.7 2023-0555 09/11/2023 1 09/11/2023 Khmer Books    
    Dewey Decimal Classification     Khmer Language Books / សៀវភៅភាសាខ្មែរ Footprints International School Library Network Toul Kork Campus Footprints International School Library Network Toul Kork Campus TK Campus, Room B402, Khmer Book Case 16, Shelves 112-123 / ទូរសៀវភៅខ្មែរលេខ ១៦​ ធ្នើរ ១១២ ដល់ ១២៣ បន្ទប់ B402 សាខាទួលគោក 09/11/2023   HOA 595.7 2023-0556 09/11/2023 2 09/11/2023 Khmer Books    
    Dewey Decimal Classification     Khmer Language Books / សៀវភៅភាសាខ្មែរ Footprints International School Library Network Toul Kork Campus Footprints International School Library Network Toul Kork Campus TK Campus, Room B402, Khmer Book Case 16, Shelves 112-123 / ទូរសៀវភៅខ្មែរលេខ ១៦​ ធ្នើរ ១១២ ដល់ ១២៣ បន្ទប់ B402 សាខាទួលគោក 09/11/2023 1 HOA 595.7 FISTK03690 04/01/2026 3 09/11/2023 Khmer Books 04/15/2026 04/01/2026
    Dewey Decimal Classification     Khmer Language Books / សៀវភៅភាសាខ្មែរ Footprints International School Library Network Toul Tom Poung Campus Footprints International School Library Network Toul Kork Campus TTP Secondary Khmer Bookshelves 09/11/2023 1 HOA 595.7 FISSE02652 03/11/2025 4 09/11/2023 Khmer Books   03/11/2025